Loading...
| Fine Arts - Classical Music | 0 | 1 | 0 | 0 | 10 | 98 | 98.00 | 0 | 0 | 1.14 | 3.79 |
| Religion | 0 | 1 | 0 | 1 | 10 | 103 | 103.00 | 0 | 0 | 0.00 | 0.76 |
| Science - Biology | 0 | 1 | 0 | 1 | 10 | 103 | 103.00 | 0 | 0 | 0.09 | 5.79 |
| Science - Chemistry | 0 | 1 | 0 | 1 | 10 | 99 | 99.00 | 0 | 0 | 0.00 | 2.48 |
| Mythology | 0 | 1 | 0 | 1 | 10 | 109 | 109.00 | 0 | 0 | 0.00 | 0.76 |
| Philosophy | 0 | 1 | 0 | 1 | 10 | 106 | 106.00 | 0 | 0 | 0.00 | 1.11 |
| Popular Culture | 0 | 1 | 0 | 1 | 10 | 110 | 110.00 | 0 | 0 | 0.00 | 1.39 |
| Literature - British | 0 | 0 | 0 | 0 | 0 | 0.00 | 0 | 0 | 0.00 | 0.00 | |
| Science - Other | 0 | 0 | 0 | 0 | 0 | 0.00 | 0 | 0 | 0.00 | 0.00 | |
| Science - Physics | 0 | 0 | 0 | 0 | 0 | 0.00 | 0 | 0 | 0.00 | 0.00 |